[Event "Norway Chess 2nd"]
[Site "Stavanger"]
[Date "2014.06.13"]
[Round "9"]
[White "Carlsen, Magnus"]
[Black "Agdestein, Simen"]
[Result "1-0"]
[WhiteElo "2881"]
[BlackElo "2628"]
[Annotator "Roiz,Michael"]
[PlyCount "107"]
[EventDate "2014.06.03"]
[EventType "tourn"]
[EventRounds "9"]
[EventCountry "NOR"]
[EventCategory "21"]
[SourceTitle "CBM 161"]
[Source "ChessBase"]
[SourceDate "2014.07.16"]
[SourceVersion "1"]
[SourceVersionDate "2014.07.16"]
[SourceQuality "1"]

1. d4 Nf6 2. c4 e6 3. Nf3 b6 4. g3 Ba6 5. b3 d5 6. Bg2 Bb4+ 7. Bd2 Bd6 {Quite a rare system. Black doesn't want to lock the e-file by playing 7...e7. However, White is not obliged to release the pressure.} 8. Nc3 $1 {8. cxd5 is much more popular, but the text move poses more problems.} (8. cxd5 exd5 9. O-O O-O 10. Nc3 Nbd7 {leads to a long strategic fight. This position can also arise after 6.cxd5 and gives Black satisfactory results.}) 8... O-O ({In the preceding game Vishy was able to secure a stable edge:} 8... c6 9. O-O O-O 10. e4 Nxe4 11. Nxe4 dxe4 12. Ng5 Be7 13. Nxe4 Nd7 14. Bf4 Nf6 15. Qc2 Rc8 16. Rfd1 $14 {1-0 Anand,V (2770)-Granda Zuniga,J (2630)/Madrid 1998/CBM 065/[Avrukh,B] (39)}) ({RR} 8... Nbd7 9. cxd5 exd5 10. Nh4 Bb7 11. Nb5 O-O 12. Nxd6 cxd6 13. Bb4 Ne8 14. O-O a5 15. Ba3 Ndf6 16. Qd2 b5 17. Nf5 b4 18. Bb2 Nc7 19. a3 Ne4 20. Bxe4 dxe4 21. axb4 Qd7 22. Qf4 Rad8 23. d5 {Vidit,S (2673)-Agdestein,S (2603) Chess.com INT 2017 1-0 (34)}) 9. O-O dxc4 $146 {A novelty in a rather rare position. This new approach is not successful, since White's pressure along the h1-a8 diagonal is too strong.} ({Black cannot avoid an inferior position after} 9... Nbd7 {either:} 10. e4 Nxe4 11. Nxe4 dxe4 12. Ng5 Nf6 (12... Be7 13. Nxe4 Bb7 14. Qc2 $14 {½-½ Pinheiro,J (2288)-Spraggett,K (2501)/Lisbon 2000/CBM 079 ext (14)}) 13. Nxe4 Nxe4 14. Bxe4 Rb8 15. Qc2 $14) (9... c6 {leads to the above mentioned game of Anand.}) ({RR} 9... Nbd7 10. cxd5 exd5 11. Bf4 Bxf4 12. gxf4 c5 13. Re1 Rc8 14. Rc1 Re8 15. e3 Bb7 16. Ne5 Nf8 17. dxc5 bxc5 18. Na4 Qe7 19. Qc2 Ne6 20. f5 Ng5 21. f4 Nge4 22. Nc3 Nxc3 23. Qxc3 Rc7 24. b4 {Korobov,A (2663)-Kovalenko,I (2674) chess.com INT 2023 1-0 (54)}) ({RR} 9... Nbd7 10. e4 Nxe4 11. Nxe4 dxe4 12. Ng5 Bb7 13. Nxe4 f5 14. Ng5 Bxg2 15. Kxg2 Qf6 16. Nf3 f4 17. Qe2 e5 18. dxe5 Nxe5 19. Bc3 Rae8 20. Bxe5 Bxe5 21. Rae1 fxg3 22. fxg3 Qc6 23. Qe4 Qxe4 24. Rxe4 {Keymer,V (2733)-Aronian,L (2747) Oslo NOR 2024 ½-½ (76)}) ({RR} 9... Nbd7 10. cxd5 exd5 11. Nh4 Re8 12. Re1 Nf8 13. e4 dxe4 14. Nxe4 Nxe4 15. Bxe4 Rxe4 16. Rxe4 Bb7 17. Re1 Be7 18. Nf5 Bf6 19. Qg4 Qd5 20. f3 Ne6 21. Be3 g6 22. Nh6+ Kg7 23. Qe4 Qxe4 24. fxe4 {Smirnov,P (2471)-Aronian,L (2747) chess.com INT 2025 0-1 (73)}) ({RR} 9... Nbd7 10. e4 Nxe4 11. Nxe4 dxe4 12. Ng5 Be7 13. Nxe4 Bb7 14. Qc2 f5 {½-½ (14) Pinheiro,J (2288)-Spraggett,K (2501) Lisbon 2000}) 10. Ne5 c6 (10... Bxe5 {didn't work in view of:} 11. dxe5 Nd5 12. Nxd5 $1 exd5 13. Bb4 c5 14. Bxc5 bxc5 15. Bxd5 Nc6 16. Bxc6 $16 {and White is just a pawn up.}) 11. bxc4 $1 {The most ambitious way: White keeps the knight on e5, and it delays Black's development.} ({The quiet alternative} 11. Nxc4 Be7 12. e3 Qc7 13. Rc1 Nbd7 14. Re1 Rad8 15. a4 $14 {also leads to a safe advantage.}) 11... Qc7 ({Grabbing a pawn by means of:} 11... Bxe5 12. dxe5 Ng4 13. Bf4 Qxd1 14. Rfxd1 Bxc4 15. h3 Nh6 16. g4 $16 {is not recommended, since almost all Black's pieces are out of play.}) 12. Bf4 {This natural move seems inaccurate, since Black may exploit the vulnerable position of White's bishop and ease the pressure.} ({A stronger move was:} 12. f4 $1 Bb7 13. e4 Rd8 14. Qc2 $16 {with a clear advantage due to a strong pawn centre.}) 12... Bb7 ({Correctly avoiding} 12... Nbd7 13. Nxc6 Bxf4 14. gxf4 Qxf4 15. e3 Qd6 16. Nb5 Bxb5 17. cxb5 $16) ({But the immediate} 12... Nh5 $5 {comes into consideration, since after} 13. Be3 Bxe5 14. dxe5 Qxe5 15. Qb3 Nd7 16. Bxc6 Rad8 $14 {Black's position is not that bad.}) 13. Rc1 Nh5 ({Again avoiding a nice tactical trap:} 13... Nbd7 14. Nb5 $1 cxb5 15. cxb5 Nc5 (15... Qb8 16. Nxd7 Nxd7 17. Bxd6 Qxd6 18. Bxb7 $18) 16. dxc5 bxc5 17. Bxb7 Rad8 18. Bc6 Bxe5 19. Bxe5 Qxe5 20. Qa4 $16) 14. Ne4 $6 {Exchanging the strong f4 would definitely ease Simen's task.} ({Much stronger was} 14. Be3 Bxe5 15. dxe5 Qxe5 16. c5 $36 {with a powerful initiative for the sacrificed pawn.}) 14... Nxf4 {The most natural response.} ({However, it was possible to delay it by means of} 14... c5 $5 15. d5 (15. Nxd6 Bxg2 16. Kxg2 Nxf4+ 17. gxf4 Qxd6 $11) (15. Qd3 f6 16. dxc5 Nxf4 $1 (16... Bxe5 $6 17. Bxe5 Qxe5 (17... fxe5 18. Ng5 Nf6 19. Nxe6 Qe7 20. Nxf8 Kxf8 21. Bxb7 Qxb7 22. Rfd1 $36) 18. Ng5 fxg5 19. Bxb7 $14) 17. gxf4 Be7 18. Nf3 bxc5 $11) 15... Nxf4 16. gxf4 Bxe5 17. fxe5 Qxe5 18. f4 Qc7 $132) 15. gxf4 c5 16. Qd3 {Now Magnus has an unpleasant threat, so Black has to simplify.} Bxe5 ({Of course, not} 16... cxd4 $2 17. Ng5 g6 18. Qh3 h5 19. Bxb7 Qxb7 20. Nxg6 fxg6 21. Qxe6+ $18) 17. Ng5 (17. dxe5 Nc6 18. Rfd1 Rad8 19. Nd6 Nb4 20. Qa3 Bxg2 21. Kxg2 f6 $132) 17... g6 18. Qh3 h5 19. dxe5 Nc6 $1 {Simen is on top!} ({Correctly refusing} 19... Bxg2 $6 20. Qxg2 Nc6 21. Ne4 Rfd8 22. Qg5 $40 {and White develops a strong attack.}) 20. Ne4 (20. e3 Na5 21. Bf3 Kg7 22. Qg2 Rad8 $11) 20... Nd4 21. Nf6+ Kg7 {The king is somewhat exposed, but White's attacking potential is not great.} 22. Rfe1 Nf5 {Freeing a a way for the rooks.} ({After} 22... Rh8 23. e3 Nf5 24. Rc3 Rad8 25. e4 Nd4 26. Bf1 Kf8 27. Qh4 $14 {Black's position is solid, but rather passive.}) 23. Rc3 Rh8 (23... Rfd8 $5 24. e4 Nd4 25. Rg3 Rh8 26. Qh4 $14) 24. Rd1 Rad8 25. Rcd3 Rd4 $6 {A serious inaccuracy. Provoking e2-e3 is not a good idea, since that is an important prophylactic move.} ({Instead, Simen should have opted for:} 25... Nd4 26. e3 (26. Kf1 Ba6 27. Rc1 Bb7) 26... Ne2+ 27. Kf1 Nc3 28. Rxd8 (28. R1d2 Nb1 $1 29. Rxd8 Rxd8 30. Rxd8 Bxg2+ 31. Qxg2 Qxd8 $11) 28... Rxd8 29. Rxd8 Bxg2+ 30. Kxg2 Qxd8 31. Qf3 Nxa2 32. Qb7 Nb4 33. Qxa7 Nc2 $132) ({Or} 25... Rxd3 26. Qxd3 Bxg2 27. Kxg2 Qc6+ 28. Kg1 Qa4 $132) 26. e3 Rxd3 27. Rxd3 Bxg2 ({Too passive is} 27... Bc8 28. Be4 b5 29. cxb5 Qa5 30. Bc6 $36) 28. Qxg2 Rd8 29. Kf1 ({It was possible to grab a pawn:} 29. Nxh5+ $5 Kf8 30. Rxd8+ Qxd8 31. Nf6 a6 32. Qf3 b5 $14 {In the resulting position Black doesn't have sufficient compensation for the pawn, but it would be very difficult for White to make any progress.}) 29... Kf8 (29... Rxd3 $4 30. Ne8+) 30. Rxd8+ Qxd8 31. Ke2 {Just in time! White is covering all the squares along the d-file, so Black is doomed to a passive defence.} Qc8 $1 (31... Ne7 32. Qb7 $16) 32. a3 {A useful prophylactic move - the pawn is somewhat less vulnerable now.} Ke7 (32... Ne7 33. Qg5 Ng8 34. Ne4 Kg7 35. Nd6 Qa6 36. Qd8 Qxa3 37. h3 $36) 33. h3 Kd8 34. Qe4 Kc7 {Simen decides to keep the king on the q-side.} ({A waiting strategy was possible as well:} 34... Ke7 $5 35. Qd3 Qc6 36. Kd2 Qb7 {and Black has good drawish chances.}) 35. Nh7 Qe8 36. Ng5 {Keeping an eye on the weak f7.} b5 $6 {The first step in a wrong direction - there was no need to change the character of the position.} ({After the correct} 36... Qd7 $1 37. Ke1 (37. Qa8 Qa4 $132) 37... a6 38. Ke2 Kb8 {Black's position seems very solid.}) 37. Qd3 (37. cxb5 $5 Qxb5+ 38. Qd3 Qb2+ 39. Kf3 Qb7+ 40. Ne4 $14) 37... a6 38. Kd2 {White has all the time in the world, since Black has no active possibilities.} Kb6 39. Kc3 Qe7 40. Ne4 {Now the b5 is a new target for White.} Qc7 (40... Qe8 41. Kb3 Qc8 42. Nc3 $14) 41. Kb3 Kc6 (41... Qe7 42. Nc3 Qe8 $14) 42. Nc3 bxc4+ $2 {This leads to a very difficult position.} ({Simen's task was tough, but it looks like after} 42... Qa5 $1 43. Qe4+ Kb6 {Black's position is still tenable. For instance,} 44. Qa8 bxc4+ 45. Kb2 Kc7 $1 46. Qa7+ Kd8 $11 47. Qxf7 $140 $4 Qb6+ 48. Kc1 Qb3 $19) 43. Qxc4 Qb6+ 44. Kc2 {Now Black cannot avoid an unpleasant penetration of White's queen.} Qa5 45. Qe4+ Kc7 46. Qa8 $1 $16 c4 $2 {The decisive mistake, which leads to loss of material.} ({The last chance was} 46... Kd7 47. Qb7+ Ke8 48. Qb8+ Kd7 49. Kb2 Qc7 50. Qxc7+ Kxc7 51. Ne4 Kc6 52. Kb3 Kd5 53. Ng5 Nh6 54. Kc3 $16) 47. Qf8 $1 Kd7 ({It was possible to provide more resistance, but after} 47... Nh6 $1 48. Qd6+ $1 (48. Qxh6 Qxa3 49. Qg7 Qb3+ 50. Kd2 Qb2+ 51. Kd1 Qxc3 52. Qxf7+ Kd8 $16) 48... Kc8 49. Ne4 Qa4+ 50. Kd2 Qa5+ 51. Ke2 Nf5 52. Qc6+ Kd8 53. Nd6 Nxd6 54. exd6 c3 55. Qb7 Qb5+ 56. Qxb5 axb5 57. e4 $18 {White wins anyway.}) 48. Ne4 Qa4+ 49. Kc1 $18 {The f5 is restricted, so Black lacks any counterplay.} Qc6 50. Qxf7+ Kc8 51. Nd6+ (51. Ng5 $18 {was also good enough.}) 51... Kd8 ({The move} 51... Nxd6 {offers no hope:} 52. Qxe6+ Kb7 53. Qe7+ Ka8 54. exd6 $18) 52. Qf8+ Kc7 53. Qc8+ Kb6 54. Qb8+ {One more technical achievement of World Champion!} ({Black resigns in view of} 54. Qb8+ Kc5 55. Qb4+ Kd5 56. Qd2+ Kc5 57. Qa5+ $18) 1-0

[Event "Olympiad-41"]
[Site "Tromsoe"]
[Date "2014.08.03"]
[Round "2.1"]
[White "Nyback, Tomi"]
[Black "Carlsen, Magnus"]
[Result "1/2-1/2"]
[WhiteElo "2594"]
[BlackElo "2877"]
[Annotator "Marin,Mihail"]
[PlyCount "71"]
[EventDate "2014.08.02"]
[EventType "team-swiss"]
[EventRounds "11"]
[EventCountry "NOR"]
[SourceTitle "CBM 162"]
[Source "ChessBase"]
[SourceDate "2014.09.17"]
[SourceVersion "1"]
[SourceVersionDate "2014.09.17"]
[SourceQuality "1"]
[WhiteTeam "Finland"]
[BlackTeam "Norway"]
[WhiteTeamCountry "FIN"]
[BlackTeamCountry "NOR"]

{I will not hide that I waited with impatience and curiosity for the moment when Carlsen would step in. Fortunately, the reigning World Champion does not seem to have lost any single bit of his interest for the game after reaching unprecedented rating heights and conquering the supreme title at all the official time rates (classical, rapid and blitz). Maintaining the flame of enthusiasm alive when there is no higher level to aim at is a task not many World Champions have dealt with sucessfully. Anyway, since his presence in the team surely makes a big difference, Carlsen was ready for the fight as soon as round two.} 1. d4 d5 2. c4 c6 3. Nf3 Nf6 {An interesting choice of the opening. Carlsen has played the Slav in the past, but it is by far not his main weapon. The puzzling thing is that in a game where the big rating difference strongly required him to play for a win, he exposes himself to a transposition to the symmetrical structure resulting after 4.cxd5 cxd5. The Exchange Variation is not as dull as it seems and players like Botvinnik or Portisch have made good use of it with white, but Black has his reasons for being content, too. Objectively, he should be close to equalising, which actually is just one preliminary step on the way towards taking over the initiative.} 4. Qc2 {(!) Played almost without hesitation. I assume that Tomi was not really bothered by the idea of a draw (although I may be wrong), but even though the exchange variation makes up part of his repertoire, he does not show himself ready for such early relasing of the tension.} dxc4 5. Qxc4 Bg4 {This has always been a reasonable alternative to 5...f5. Now, it seems to be acquiring some higher popularity.} ({For quite a few years, the main theoretical disputes took place in the variation} 5... Bf5 6. g3 e6 7. Bg2 Nbd7 8. O-O Be7 9. Nc3 O-O 10. Re1 Ne4 11. Qb3 Qb6 12. Nh4 {as, for instance, in Mamedyarov,S (2729)-Wang,Y (2685) Istanbul 2012 CBM 151 [Ftacnik,L] (1-0, 39)}) 6. Nc3 {The most active continuation.} (6. Nbd2 {avoids getting the doubled pawns and keeps the possibility of developing the bishop by fianchetto, but the knight is not too active on d2.} Nbd7 7. g3 e6 8. Bg2 Be7 9. Ne5 Bh5 10. Nxd7 Nxd7 11. O-O O-O 12. Nb3 a5 13. a4 Bb4 14. e4 e5 $132 {Mamedyarov,S (2757)-Anand,V (2770) Khanty-Mansiysk 2014 CBM 160 [Krasenkow,M] (0-1, 31)}) (6. Ne5 {only apparently gains time.} Be6 7. Qd3 Nbd7 8. Nxd7 ({This speeds up Black's development, but} 8. Nf3 Bg4 9. Nc3 e6 {transposes below.}) 8... Qxd7 9. e4 Rd8 10. Be3 Ng4 11. Nc3 Nxe3 12. fxe3 {Black should have no problems at all, to say the least. White's centre lacks dynamism, while the dark-squared bishop could become very threatening.} Bg4 (12... Qc7 13. Be2 g6 14. O-O Bg7 {Schandorff,L (2563)-Nielsen,P (2625) Horsens 2003 CBM 095 [Huzman] (½-½, 25)}) 13. Be2 e5 14. O-O-O Bb4 15. Bf3 O-O 16. h3 Be6 $15 {Nenezic,M (2393)-Solak,D (2592) Kragujevac 2013 (½-½, 72)}) 6... Nbd7 ({If Black wishes to exchange on f3, he could do it now since after} 6... Bxf3 7. gxf3 Nbd7 {there is no obvious way of avoiding a transposition below with 8.e4. For instance:} 8. f4 e6 9. Bd2 Rc8 10. Bg2 Be7 {and Black is doing OK, Mandiza,F (2406)-Black,J (2201) Wheeling 2012 (0-1, 32)}) 7. e4 ({In view of the previous comment,} 7. Qd3 {is more relevant for the move order starting with 6.e5 above.} e6 8. e4 ({If} 8. g3 {the simplest seems to be the spectacular} Nc5 {taking advantage that the f3-knight is hanging.} 9. Qe3 Bxf3 10. exf3 Ncd7 11. Bg2 Be7 {The control over the d5-square ensures Black simple play, Borg,A (2151)-Atalik,E (2399) Antalya 2006 (0-1, 63)}) 8... c5 $5 {The latest trend.} 9. d5 {This yields Black easy play.} ({The critical continuation is} 9. e5 Nd5 10. Nxd5 exd5 11. Be2 c4 12. Qc2 $13 {with mutual attacks on the wings.}) 9... exd5 10. exd5 Bd6 11. Be2 $6 {This allows Black to consolidate.} (11. Qe3+ Qe7 12. Qxe7+ {would have caused some delay in Black's regrouping. The bishop should stay on d6 to prevent f4, so the natural line goes} Kxe7 13. Be2 Rhe8 14. O-O Ne5 15. Re1 Kf8 16. Nb5 $13) 11... O-O 12. O-O ({With the queen exposed on d3, rather than exchanged on e7, and the king in the centre,} 12. Nb5 {runs into} Ne5 $17) 12... a6 13. a4 Re8 14. Be3 Qc7 15. h3 Bh5 16. Rfe1 Rad8 $15 {Thejkumar,M (2452)-Sasikiran,K (2666) Jalgaon 2013 (½-½, 52). White does not have active plans and the d5-pawn is more of a weakness than strength.}) 7... e5 $5 {Quite typical for Carlsen. He takes the game into almost unexplored territory as soon as on move seven! He had been doing that during the match against Anand quite a lot, depriving the then reigning champion of the opportunity to display his massive preparation. By breaking the centre without previously taking on f3, Black aims for higher flexibility.} (7... Bxf3 {is played almost unanimously, with 7...e6 a minor alternative.} 8. gxf3 e5 9. Be3 {The main question is whether White can put his central pawns into motion or, on the contrary, Black will be able to keep the blockade on f4.} exd4 ({Black should not delay this exchange too much.} 9... Bd6 10. O-O-O Qe7 {Zhou,W (2616)-Robson,R (2628) Ningbo 2013 (0-1, 57)} 11. Ne2 $1 {[%csl Rf5][%cal Ge5d4,Ge2d4,Ye2g3]}) 10. Bxd4 Bd6 11. O-O-O Qe7 ({An attempt to improve over} 11... Qc7 12. Ne2 O-O 13. Qc2 Rfe8 14. h4 {Mamedyarov,S (2746)-Inarkiev,E (2692) Rogaska Slatina 2011 CBM 145 [Krasenkow] (1-0, 54) which also contains a comprehensive survey of the position after 7...xf3 8.gxf3 e5.}) 12. Qb3 Nc5 13. Qc2 Bf4+ 14. Be3 Bxe3+ 15. fxe3 {White has improved his structure, but the next exchanges will reduce the importance of his space advantage.} O-O 16. Bg2 Rad8 17. Kb1 Rxd1+ 18. Rxd1 Rd8 19. Rxd8+ Qxd8 20. e5 Nfd7 21. Qd2 $6 (21. f4 Qh4 22. Bf3 Qe1+ 23. Nd1 $13) 21... Qh4 $36 {Reinderman,D (2604)-Van Wely,L (2657) Amsterdam 2014 (0-1, 39)}) 8. Nxe5 (8. dxe5 Bxf3 9. gxf3 Nxe5 {transposes back into a line considered to be OK for Black, for instance} 10. Qe2 Bc5 11. Rg1 Qb6 12. Rg5 Ng6 13. Bd2 Rd8 {Krasenkow,M (2620)-Harikrishna,P (2673) Nancy 2009 (0-1, 53)}) ({Or if} 8. Be3 Bd6 9. O-O-O O-O {Griffiths,R (2362)-Van Kampen,R (2565) Athens 2012 (0-1, 27). The e4-pawn is hanging with respect to the game Zhou,W (2616)-Robson,R (2628) above, preventing e2. In this line, delaying ...xf3 is good for Black.}) 8... Nxe5 9. dxe5 Be6 10. Qd3 $146 {Usually, a queenside majority is more useful in the middlegame than in the endgame. This is what Steinitz said and what has been proven in many games. But in this concrete position it seems that White loses too much time if he wants to keep queens on board. besides, he would also neglect the fight for the d-file.} (10. Qa4 Ng4 11. Be2 ({With queens on the board, White cannot play in the same way as in the game:} 11. Bf4 $2 Bc5 12. Bg3 Nxf2 13. Bxf2 Bxf2+ 14. Kxf2 Qb6+ 15. Ke1 Qxb2 $19 {[%csl Ga1,Gc3]}) 11... Nxe5 12. O-O Bc5 13. Qc2 Qe7 14. Bf4 {Grigoryan,K (2473)-Grover,S (2514) Kocaeli 2011 (1-0, 41)} Ng6 15. Bg3 O-O 16. Rad1 Rad8 17. Kh1 Rxd1 18. Rxd1 f5 19. Na4 Bb4 20. a3 f4) 10... Ng4 11. Qxd8+ Rxd8 12. Bf4 $1 {White prefers returning the pawn in the near future for the sake of completing his development} ({If} 12. f4 Bc5 {Black's initative becomes threatening.} 13. Be2 Ne3 14. Bxe3 Bxe3 15. g3 (15. f5 Bc8 {[%cal Ge3d4]}) 15... g5 $5 ({Black could also try playing for piece pressure with, say,} 15... Ke7 {, but personally I would prefer to make sure of weakening the e5-pawn as soon as possible.}) 16. f5 (16. Rf1 $2 gxf4 17. gxf4 Bd2+ $1 18. Kf2 Bxf4 $19) 16... Bc8 17. Bh5 O-O 18. h4 gxh4 19. Rxh4 Bd4 $13) 12... Bc5 13. Bg3 Bd4 14. Rd1 Bxe5 15. Rxd8+ Kxd8 16. Bxe5 Nxe5 17. f4 Ng4 {The merits of Nyback's novelty are obvious. He has exchanged the active black bishop and put his majority into motion. Still, White's advantage is rather symbolic .} 18. Be2 Nh6 19. Kf2 f6 20. h3 Nf7 21. Bg4 $146 ({RR} 21. h4 Kc7 22. Ke3 a6 23. a3 Nd6 24. Rc1 Re8 25. Kf3 Bc4 26. Bxc4 Nxc4 27. Rc2 b5 28. a4 Kb6 29. axb5 axb5 30. b3 Na5 31. Rb2 b4 32. Nb1 c5 33. Nd2 Kb5 34. Ke3 Re7 35. Rc2 Nc6 {Enkhbat,T (2417)-Ringoir,T (2511) Burlingame 2015 ½-½ (55)}) 21... Ke7 22. Bxe6 Kxe6 23. Rd1 Rd8 24. Rxd8 Nxd8 {The structure is quite similar to that from the last match game against Anand. Even though in Chennai Carlsen was Black, in both cases, he had two groups of three pawns each, against his opponent's two plus four. But in the current game, White's position is a bit more active.} 25. b4 Kd6 26. Ke3 a6 {A somewhat mysterious move. The threat of b4-b5 was not real, as it would allow . ..c5, but Carlsen might have intended to set his queenside majority into motion with ...b5 and ...c5, or even ...c5 right away.} 27. Na4 Ne6 {Renewing the threat ...b5..} 28. f5 $1 {A committal decision after only five minutes of thinking. White gives away the e5-square, but gets some queenside pressure in exchange.} Nd8 29. Kd4 Nf7 30. Nc5 {It may seem that the weakening move ... a7-a6 is about to cause some major problems. But Carlsen is not that easy to catch on the wrong foot in the endgame.} b6 $1 {Played instantly.} ({If} 30... Nd8 31. a4 {threatening a4-a5, Black would soon be in zugzwang. Actually, even now the best saving chance would be giving up the pawn with} b6 {under lesss favourable circumstances.}) 31. Nxa6 Ne5 {The black knight has occupied the fantastic central square, while its rival has no obvious way back into the game.} 32. a4 Nd7 {Threatening ...c5, which would open the king's way towards the knight. The final move repetition took place rather quickly, although White twice took a minute for reflection.} 33. Kc4 Ne5+ 34. Kd4 Nd7 35. Kc4 Ne5+ 36. Kd4 1/2-1/2